Statistics for Biggest Trading Partners - Malaysia

Click here to take the quiz!

General Stats

  • This quiz has been taken 26 times
  • The average score is 36 of 40

Answer Stats

Exports/Imports (in thousands)Country% Correct
987,902Brazil
100%
16,339,767China
100%
12,985,176China
100%
904,489France
100%
1,865,172France
100%
6,734,893Indonesia
100%
5,516,287Indonesia
100%
1,009,228Italy
100%
879,596Russia
100%
14,382,253Singapore
100%
21,581,436Singapore
100%
2,418,333United Kingdom
100%
1,852,541United Kingdom
100%
20,739,753United States
100%
13,648,888United States
100%
2,702,259India
96%
6,777,629India
96%
3,411,015Germany
92%
5,460,614Germany
92%
19,409,527Japan
92%
15,981,751Japan
92%
1,281,102Mexico
92%
897,532Saudi Arabia
92%
2,247,957Saudi Arabia
92%
5,305,212South Korea
92%
6,908,882South Korea
92%
7,905,749Thailand
92%
7,720,913Thailand
92%
1,959,250Vietnam
92%
2,121,556Vietnam
92%
2,262,926Philippines
88%
1,263,548Philippines
88%
1,585,456Pakistan
84%
3,354,485United Arab Emirates
84%
2,457,068United Arab Emirates
84%
5,584,788Netherlands
68%
927,881Switzerland
64%
935,447New Zealand
56%
862,113Oman
40%
1,411,701Ireland
28%

Score Distribution

Percentile by Number Answered

Percent of People with Each Score

Your Score History

You have not taken this quiz